|
|
|
|
| LEADER |
00887nam a2200265 a 4500 |
| 001 |
000363674 |
| 003 |
CZ BrMZK |
| 005 |
19980105143423.0 |
| 007 |
ta |
| 008 |
980105s1988 xo f slo d |
| 040 |
|
|
|a BOA001
|b cze
|
| 080 |
|
|
|a 730(430)"15":92 Stoss, Veit
|2 MRF
|
| 080 |
|
|
|a 830-312.6=854
|2 MRF
|
| 100 |
1 |
|
|a Bruns, Marianne,
|d 1897-1994
|7 xx0019559
|4 aut
|
| 245 |
1 |
0 |
|a Deviaty sochárov syn /
|c Marianne Brunsová ; Z nem. orig. prel. František Hattala ; Verše prebás. Ivan Mojík
|
| 250 |
|
|
|a 1. vyd.
|
| 260 |
|
|
|a Bratislava :
|b Tatran,
|c 1988
|
| 300 |
|
|
|a 278 s.
|
| 490 |
1 |
|
|a Osudy slávnych ;
|v zv. 28
|
| 700 |
1 |
|
|a Hattala, František
|4 trl
|
| 765 |
0 |
|
|t <<Der >>neunte Sohn des Veit Stoss
|
| 830 |
|
0 |
|a Osudy slávnych
|
| 910 |
|
|
|a BOA001
|b 2-0932.805
|
| 990 |
|
|
|a BK
|
| 996 |
7 |
|
|b 2619853506
|c 2-0932.805
|l MZK
|r Sklad / do 1 hodiny
|n 0
|w 000363674
|u 000010
|a 1
|e BOA001
|j MZK50
|s A
|